000 00455pab a2200157 454500
008 180718b2008 xxu||||| |||| 00| 0 eng d
100 _aDalehite, Esteban
245 _aDeterminants of performance measurement: an investigation into the decision to conduct citizen surveys
260 _c2008
300 _ap.891-907.
362 _aSep-Oct
650 _aPerformance appraisal
773 _aPublic Administration Review
908 _aN
909 _a79766
999 _c79766
_d79766